Royal Blood Charting Songs (Billboard Hot Rock) - Statistics

General Stats
  • This quiz has been taken 40 times
  • The average score is 4 of 6
Answer Stats
Album Weeks On Peak Artist(s) Song % Correct
Royal Blood 20 Weeks #18 Royal Blood Figure It Out
89%
Royal Blood 3 Weeks #47 Royal Blood Out of the Black
79%
Typhoons 20 Weeks #28 Royal Blood Trouble's Coming
79%
Royal Blood 8 Weeks #33 Royal Blood Little Monster
75%
How Did We Get So Dark? 19 Weeks #28 Royal Blood Lights Out
71%
How Did We Get So Dark? 16 Weeks #19 Royal Blood I Only Lie When I Love You
50%
No matching quizzes found
Score Distribution
Percent of People with Each Score
Percentile by Number Answered
Your Score History
You have not taken this quiz